000 00494nam a2200181Ia 4500
003 GCL
008 140319s9999 xx 000 0 ara d
040 _aGCL /
_cGCL
082 0 4 _a160
_bم م
100 1 _aماهر عبدالقادر محمد
245 1 0 _aالمنطق ومناهج البحث /
_cماهر عبدالقادر محمد
300 _a454
490 _a100 قصة
_v0
650 0 4 _aمناهج البحث
650 0 4 _aالمنطق
650 0 4 _aارسطو
942 _2ddc
_cBK
999 _c43425
_d43425